000 00691nam a2200193Ia 4500
001 22393
003 GE_BSU
008 181216s||||||||xx |||||||||||||| ||und||
040 _cGE_BSU
245 _aინოვაციური ეკონომიკა და მართვა №1. ტ. 5. 2018
245 _bInnovative economics and management
245 _cმთ. რედ. გეჩბაია ბ.
260 _aთბილისი
260 _c2018
300 _a158გვ. 30სმ.
653 _aInnovative economics and management
653 _aინოვაციური ეკონომიკა და მართვა №1. ტ. 5. 2018
942 _cCR
999 _c55315
_d55315